000 00341nam a22001457a 4500
008 230612b ||||| |||| 00| 0 eng d
020 _a9781133602507
041 _aeng
080 _25TH EDITION
_a621
082 _a621HAD
100 _a19
101 _aMI
245 _aAUTOMOTIVE ENGINE REPAIR REBUILDING
_cHADFIELD.CH
942 _2udc
_cBK
999 _c59936
_d59936